| 000 | 00831nam a2200169 a 4500 | ||
|---|---|---|---|
| 008 | 120416s1968 ||||||||||||||||| || u | ||
| 050 | _aHX 457.T3 Nye | ||
| 100 | _aNyerere, Julius Kambarage | ||
| 245 | 1 | 0 | _aUjamaa |
| 246 | _aessays on socialism | ||
| 260 |
_aDar-es-salaam _bOxford University Press _c1968 |
||
| 300 | _aviii, 186p. | ||
| 350 | _a0.00 | ||
| 995 |
_aMAIN LIBRARY OPEN ACCESS _D0.00 _e009328 _FCBU-MAIN LIBRARY (Kitwe) _H3 _I0.00 _jHX 457.T3 Nye _UAVAILABLE _y009328 _ZMain Library Open Access Collection |
||
| 995 |
_aANNEX COLLECTION (Main Library) _D0.00 _e009329 _FCBU-MAIN LIBRARY (Kitwe) _H1 _I0.00 _jHX 457.T3 Nye _UAVAILABLE _y009329 _ZAnnex Low-Usage Collection |
||
| 995 |
_aMAIN LIBRARY OPEN ACCESS _D0.00 _e009327 _FCBU-MAIN LIBRARY (Kitwe) _H2 _I0.00 _jHX 457.T3 Nye _UAVAILABLE _y009327 _ZMain Library Open Access Collection |
||
| 999 |
_c81462 _d81462 |
||